| 000 | 00884cad a22002055a 4500 | ||
|---|---|---|---|
| 001 | E155022 | ||
| 008 | 120220s2012 xxk f 000 0 eng d | ||
| 035 | _a(Sirsi) u155022 | ||
| 041 | 0 | _aeng | |
| 110 | 2 |
_aScottish Environment Protection Agency _93523 |
|
| 245 | 0 | 0 |
_aNatural flood management position statement _bthe role of SEPA in natural flood management _h[electronic resource] |
| 260 |
_a[Scotland] _bSEPA _c2012 |
||
| 520 | _aSets out SEPA's role in natural flood management under the Flood Risk Management (Scotland) Act 2009, and describes how it will put this into practice. | ||
| 590 | _aKA | ||
| 650 | 2 | 4 | _aFLOOD RISK MANAGEMENT (SCOTLAND) ACT 2009 |
| 651 | 4 |
_aScotland _y1999- |
|
| 690 |
_aEnvironment _96238 |
||
| 856 | 4 | 0 |
_uhttps://www.sepa.org.uk/flooding/flood_risk_management/working_with_nature.aspx _vView the position statement at www.sepa.org.uk |
| 942 | _n0 | ||
| 999 |
_c113289 _d113289 |
||